Atlético de Madrid Squad 2013-2014 - Statistics

General Stats
  • This quiz has been taken 93 times
  • The average score is 17 of 26
Answer Stats
# Position Nation Player % Correct
6 MF Spain Koke
100%
2 DF Uruguay Diego Godín
98%
13 GK Belgium Thibaut Courtois
95%
10 MF Turkey Arda Turan
94%
14 MF Spain Gabi Fernández
94%
- Coach Argentina Diego Simeone
91%
20 DF Spain Juanfran Torres
91%
3 DF Brazil Filipe Luís
89%
9 FW Spain David Villa
84%
19 FW Spain Diego Costa
84%
23 DF Brazil João Miranda
83%
18 DF Uruguay José María Giménez
80%
5 MF Portugal Tiago Mendes
77%
12 DF Belgium Toby Alderweireld
66%
11 MF Uruguay Cristian Rodríguez
64%
16 MF Spain Óliver Torres
63%
8 MF Spain Raúl García
58%
7 FW Spain Adrián López
56%
4 MF Spain Mario Suárez
55%
21 MF Brazil Diego
48%
1 GK Spain Daniel Aranzubia
27%
24 MF Argentina José Sosa
27%
15 MF France Josuha Guilavogui
22%
22 DF Argentina Emiliano Insúa
17%
17 DF Spain Javier Manquillo
17%
21 FW Brazil Léo Baptistão
17%
No matching quizzes found
Score Distribution
Percent of People with Each Score
Percentile by Number Answered
Your Score History
You have not taken this quiz